Responses for Show #3560 - Friday, February 11, 2000

2000-A College Championship quarterfinal game 5.

Contestants

[<< previous game]

Molley Jesse, a senior at the University of Virginia from Columbia, South Carolina

Greg Hodgin, a senior at Emory University from Columbia, South Carolina

Gwyneth Connell, a senior at Amherst College from Great Barrington, Massachusetts

[next game >>]

Jeopardy! Round responses

SAT: VERBAL
ARCHAEOLOGY
THE PRODUCE DEPT.
(Alex: We'll give you 2 varieties, you identify the food.)
NEW OLYMPIC SPORTS
U.S. PRESIDENTS
DROPOUTS
    $100 6
(Greg: What is month?)
(M: What is...(time)?)

Year

GwynethGregMolley
    $100 21
King Tut

Greg
    $100 1
Potatoes

Molley
    $100 26
Water polo

Greg
    $100 11
Jefferson

Greg
    $100 2
Bill Gates

Greg
    $200 7
Derelict

Gwyneth
    $200 22
(M: What is Homo erectus?)

Cro-Magnon

GregMolley
    $200 17
Cherries

Gwyneth
    $200 27
Trampoline

Greg
    $200 12
(Gwyneth: Who is Carter?)

Franklin D. Roosevelt

GwynethGreg
    $200 3
Matt Damon

Gwyneth
    $300 8
(Gwyneth: What is glaring?)

Gleaming

GwynethGreg
    $300 23
Alps

Greg
    $300 18
Apples

Greg
    $300 28
Sumo wrestling

Molley
    $300 13
Richard Nixon

Gwyneth
    $300 4
(Greg: Who is Matthew Broderick?)

Ben Stiller

Greg
Triple Stumper
    $400 9
Laurel & Rowan

Molley
    $400 24
(we have about a minute to go...)

Herculaneum

Greg
    $400 19
Mushrooms

Gwyneth
    $400 29
(M: What is bobsledding?)

Snowboarding

GwynethMolley
    $400 14
Grover Cleveland

Molley
    $400 5
Bill Cosby

Molley
    $500 10
(Gwyneth: What is meridian?)

Latitude

GwynethMolley
    $500 25
(M: What is New Mexico?)

Washington

Molley
Triple Stumper
    $500 20
Pears

Gwyneth
    $500 30
Taekwondo

Gwyneth
    $700 15
Dwight D. Eisenhower

Molley
    $500 16
Tiger Woods

Molley

Scores at the first commercial break (after clue 14):

Gwyneth Greg Molley
-$200 $300 $1,700

Scores at the end of the Jeopardy! Round:

Gwyneth Greg Molley
$1,800 $1,900 $2,100

Double Jeopardy! Round responses

SAT: MATH
U.S. STATE NAMES
MUSIC CLASS
THIS OLD HAUNTED HOUSE
LITERARY TRILOGIES
FILE UNDER "L"
    $200 18
1/9

Greg
    $200 3
Pennsylvania

Gwyneth
    $200 1
George Gershwin

Triple Stumper
    $200 20
Salem

Gwyneth
    $200 8
"Lord of the Rings"

Greg
    $200 13
Luke

Molley
    $400 19
(Gwyneth: What is 2?)
(Greg: What is 3?)

5 (2 + 3)

GwynethGregMolley
    $400 4
Michigan

Gwyneth
    $400 2
Yodeling

Molley
    $400 21
Richmond

Gwyneth
    $400 9
Cairo

Molley
    $400 14
Lava

Molley
    $600 24
(Gwyneth: What is $8?)

$12

GwynethGreg
    $600 5
Nebraska

Triple Stumper
    $600 23
Staccato

Greg
    $600 22
Marilyn Monroe

Molley
    $600 10
Samuel Beckett

Molley
    $600 15
Lang

Molley
    $800 25
(Gwyneth: What is 170?)

1610

GwynethGreg
    $800 6
(M: What is New Jersey?)

New Hampshire

GregMolley
    $800 28
W.A. Mozart

Molley
    $800 27
Abraham Lincoln

Gwyneth
    $800 11
(Gwyneth: What is "The Flies?")

"The Oresteia"

Gwyneth
Triple Stumper
    $800 16
"Lemon" law

Molley
    $1,300 26
(we have a minute to go...)

540 (360 + 180)

Greg
    $1000 7
Oklahoma

Greg
    $1,600 29
(M: What is "A Midsummer Night's Eve?")

"A Midsummer Night's Dream"

Molley
    $1000 30
Ontario

Triple Stumper
    $1000 12
John Dos Passos

Molley
    $1000 17
The Lancet

Greg

Scores at the end of the Double Jeopardy! Round:

Gwyneth Greg Molley
$1,200 $8,000 $5,900

Final Jeopardy! Round responses

MAMMALS
(Alex: The four wildcard slots go to Michael LaMasse ($8,812), Natalie Tindall ($7,600), Julia Becker ($4,600) and Molley Jesse ($3,800).)
GwynethWhat is the mountain g
$1,200
MolleyWhat is the llama?
$2,100
GregWhat are llamas?
$0
Yak

Final scores:

Gwyneth Greg Molley
$0 $8,000 $3,800
3rd place: $2,500 if eliminated Automatic semifinalist 2nd place: $2,500 if eliminated

Game dynamics:

Coryat scores:

Gwyneth Greg Molley
$1,200 $7,700 $7,300
14 R,
7 W
20 R
(including 1 DD),
3 W
19 R
(including 1 DD),
6 W
(including 1 DD)

Combined Coryat: $16,200

[game clues] [game scores] [suggest correction]

Game tape date: 2000-01-15
The J! Archive is created by fans, for fans. Scraping, republication, monetization, and malicious use prohibited; this site may use cookies and collect identifying information. See terms. The Jeopardy! game show and all elements thereof, including but not limited to copyright and trademark thereto, are the property of Jeopardy Productions, Inc. and are protected under law. This website is not affiliated with, sponsored by, or operated by Jeopardy Productions, Inc. Join the discussion at JBoard.tv.